| 000 | 00801nam a2200229 a 4500 | ||
|---|---|---|---|
| 005 | 20240612064103.0 | ||
| 008 | 020918s1999 ag r 000 0 spa d | ||
| 020 | _a9879191811 | ||
| 035 | _aUPN01000119291 | ||
| 049 | _aCG | ||
| 050 | 4 |
_aLB1085 _bC8.2 1999 |
|
| 100 | 1 |
_aCullen, Carlos A., _d1943- _942672 |
|
| 245 | 1 | 0 |
_aAutonomía moral, participación democrática y cuidado del otro : _bbases para un curriculum de formación ética y cuidadana / _cCarlos A. Cullen. |
| 250 | _a2a ed. aum. | ||
| 260 |
_aBuenos Aires : _bNovedades Educativas, _c1999. |
||
| 300 | _a162 p. | ||
| 440 | 0 | _aReflexión y debate | |
| 650 | 4 |
_aCivismo _xEstudio y enseñanza (Secundaria) _91512 |
|
| 650 | 7 |
_aÉtica _xEstudio y enseñanza (Secundaria) _2 _91511 |
|
| 650 | 4 |
_aEducación moral _91396 |
|
| 905 | _aLibro | ||
| 999 |
_c91646 _d91646 |
||